| LEADER | 00420cam a2200145 7i4500 | ||
|---|---|---|---|
| 001 | 0000002428 | ||
| 005 | 19991025090000.0 | ||
| 002 | ##000003571 | ||
| 020 | 0 | 0 | |a T000003579 |
| 090 | 0 | 0 | |a 00.07.02 45 410 |b MAJ |
| 245 | 0 | 0 | |a Major Exports From Chung Chong Nam-DO, Korea. |
| 260 | 0 | 0 | |a Korea: |b Chungchongnam-Do, |c [19--]. |
| 300 | 0 | 0 | |a 181p# |a 181p. |
| 650 | 0 | 0 | |a Export -- |z Korea |
| 999 | |a 0000004084 |b Book |c Countries |e Business Information Centre | ||